|
|
|
|
| LEADER |
00819cam a2200229 a 4500 |
| 001 |
0000077869 |
| 005 |
20061122090000.0 |
| 040 |
|
|
|a mod
|
| 041 |
|
|
|a eng
|
| 020 |
0 |
0 |
|a 9832661501
|
| 090 |
0 |
0 |
|a 004.62
|b ISK
|e 2004
|
| 100 |
0 |
0 |
|a Iskandar Ab Rashid
|
| 245 |
1 |
0 |
|a Membina laman wap telefon bimbit
|c Iskandar Ab Rashid, Zaitun Ismail
|
| 260 |
0 |
0 |
|a Batu Caves
|b Venton Publishing
|c 2004
|
| 300 |
0 |
0 |
|a iv, 268 p.
|b ill.
|c 26 cm
|
| 650 |
0 |
0 |
|a Wireless application protocal (Computer network protocol)
|
| 650 |
0 |
0 |
|a Wireless communication systems
|
| 650 |
0 |
0 |
|a Cellular telephones
|
| 700 |
1 |
1 |
|a Zaitun Ismail
|
| 999 |
|
|
|a 0233804
|b MAWILLA I
|d BOOKS
|e Umum
|f MAWILLA 1
|j AVAILABLE
|q GOOD CONDITION
|
| 999 |
|
|
|a 0245807
|b 7 BGD
|d BOOKS
|e Umum
|f 7 BGD
|j AVAILABLE
|q GOOD CONDITION
|
| 999 |
|
|
|a 0247293
|b 4 BGD
|d BOOKS
|e Umum
|f 4 BGD
|j AVAILABLE
|q GOOD CONDITION
|